000 00445nam a2200133Ia 4500
008 100328s9999 xx 000 0 und d
082 _b53532
100 _aपंडित बाळ ज.
245 _aक्रिकेट चौकार षटकार
260 _bनीलकंठ
630 _aक्रिकेट चौकार षटकार
730 _aक्रिकेट चौकार षटकार
942 _cBOOK
999 _c540276
_d540273